Statistics for The 100 trivia

Click here to take the quiz!

General Stats

  • This quiz has been taken 717 times
    (713 since last reset)
  • The average score is 10 of 13

Answer Stats

Hint Answer % Correct
Wells fatherJaha
97%
Octavia's boyfriend (u know they are an item)Lincoln
89%
Clarkes motherAbby
89%
Lincoln's girlfriendOctavia
87%
Jasper's best friendMonty
85%
Ravens boyfriend on the arkFinn
84%
Is hanged for supposedly killing wellsMurphy
84%
Shoots ravenMurphy
79%
Military base where 48 survivors are takenMount weather
77%
The grounders leaderAnya
69%
Banished from the colonyMurphy
66%
Takes charge of the colony after its brought to the groundKane
62%
This one will be very hard, in which city is Lincoln's village at (episode 1 season 2 is required to be watched)Washington dc
28%

Score Distribution

Percentile by Number Answered

Percent of People with Each Score

Your Score History

You have not taken this quiz since the last reset